书目信息 |
| 题名: |
GPS测量与数据处理实习教程
|
|
| 作者: | 黄劲松 , 李英冰 主编 | |
| 分册: | ||
| 出版信息: | 武汉 武汉大学出版社 2010.01 |
|
| 页数: | 212页 | |
| 开本: | 26cm | |
| 丛书名: | 高等学校测绘工程系列教材 | |
| 单 册: | ||
| 中图分类: | P228.4 | |
| 科图分类: | ||
| 主题词: | 全球定位低系统 (GPS)--quan qiu ding wei di xi tong(GPS)--数据处理--高等学校--教材 , 全球定位低系统 (GPS)--quan qiu ding wei di xi tong(GPS)--测量学--高等学校--教材 | |
| 电子资源: | ||
| ISBN: | 978-7-307-07179-7 | |
| 000 | 01308nam 2200289 450 | |
| 001 | 012010038421 | |
| 005 | 20100411185201.70 | |
| 010 | @a978-7-307-07179-7@dCNY24.00 | |
| 100 | @a20100411d2010 em y0chiy0120 ea | |
| 101 | 0 | @achi |
| 102 | @aCN@b420000 | |
| 105 | @aa a 000yy | |
| 106 | @ar | |
| 200 | 1 | @aGPS测量与数据处理实习教程@AGPS ce liang yu shu ju chu li shi xi jiao cheng@f黄劲松, 李英冰主编@Fhuang jin song,li ying bing zhu bian |
| 210 | @a武汉@c武汉大学出版社@d2010.01 | |
| 215 | @a212页@c图@d26cm | |
| 225 | 2 | @a高等学校测绘工程系列教材@Agao deng xue xiao ce hui gong cheng xi lie jiao cai |
| 320 | @a有书目 (第212页) | |
| 330 | @a本书共分为四个部分,由浅入深的全面讲解了GPS测量与数据处理的方法和要求,提高了学生理论联系实际的能力,培养了学生灵活运用所学知识解决实际问题的能力。本书是测绘工程专业专业课“GPS原理及应用”以及“GPS测量与数据处理”配套的实践课程。 | |
| 410 | 0 | @12001 @a高等学校测绘工程系列教材 |
| 606 | 0 | @a全球定位低系统 (GPS)@Aquan qiu ding wei di xi tong(GPS)@x数据处理@x高等学校@j教材 |
| 606 | 0 | @a全球定位低系统 (GPS)@Aquan qiu ding wei di xi tong(GPS)@x测量学@x高等学校@j教材 |
| 690 | @aP228.4@v4 | |
| 701 | 0 | @a黄劲松@Ahuang jin song@4主编 |
| 701 | 0 | @a李英冰@Ali ying bing@4主编 |
| 801 | 0 | @aCN@bRULIN@c20100411 |
| 905 | @b776202-04@dP228.4@eH846@f3 | |
| GPS测量与数据处理实习教程/黄劲松, 李英冰主编.-武汉:武汉大学出版社,2010.01 |
| 212页:图;26cm.-(高等学校测绘工程系列教材) |
| ISBN 978-7-307-07179-7:CNY24.00 |
| 本书共分为四个部分,由浅入深的全面讲解了GPS测量与数据处理的方法和要求,提高了学生理论联系实际的能力,培养了学生灵活运用所学知识解决实际问题的能力。本书是测绘工程专业专业课“GPS原理及应用”以及“GPS测量与数据处理”配套的实践课程。 |
| ● |
| 相关链接 |
|
|
|
正题名:GPS测量与数据处理实习教程
索取号:P228.4/H846
 
预约/预借
| 序号 | 登录号 | 条形码 | 馆藏地/架位号 | 状态 | 备注 |
| 1 | 776202 | 207762027 | 自科库401/ [索取号:P228.4/H846] | 在馆 | |
| 2 | 776203 | 207762036 | 自科库401/401自科库 121排2列5层/ [索取号:P228.4/H846] | 在馆 | |
| 3 | 776204 | 207762045 | 自科库401/401自科库 121排2列5层/ [索取号:P228.4/H846] | 在馆 |